[Event "Priit Leito Memorial Tournament"]
[Site "Tallinn, Paul Keres Chess House, Estonia"]
[Date "2023.02.04"]
[Round "8.5"]
[White "Pedosson, Georg Aleksander"]
[Black "Chukavin, Kirill"]
[Result "1/2-1/2"]
[TimeControl " Rapid: 15 minutes for game with 3 seconds increment from move 1"]
[BlackTitle "FM"]
[WhiteElo "2130"]
[BlackElo "2375"]

1. d4 {

[%clk 00:15:04]

} {

[%emt 00:00:01]

} Nf6 {

[%clk 00:15:04]

} {

[%emt 00:00:02]

} 2. c4 {

[%clk 00:15:06]

} {

[%emt 00:00:02]

} e6 {

[%clk 00:15:06]

} {

[%emt 00:00:01]

} 3. Nf3 {

[%clk 00:15:06]

} {

[%emt 00:00:03]

} d5 {

[%clk 00:15:07]

} {

[%emt 00:00:01]

} 4. Nc3 {

[%clk 00:15:08]

} {

[%emt 00:00:02]

} dxc4 {

[%clk 00:15:03]

} {

[%emt 00:00:07]

} 5. e4 {

[%clk 00:15:04]

} {

[%emt 00:00:06]

} b5 {

[%clk 00:15:04]

} {

[%emt 00:00:02]

} 6. e5 {

[%clk 00:14:40]

} {

[%emt 00:00:28]

} Nd5 {

[%clk 00:15:03]

} {

[%emt 00:00:04]

} 7. Nxb5 {

[%clk 00:14:35]

} {

[%emt 00:00:08]

} Nb6 {

[%clk 00:15:05]

} {

[%emt 00:00:02]

} 8. Be2 {

[%clk 00:14:30]

} {

[%emt 00:00:07]

} Be7 {

[%clk 00:15:01]

} {

[%emt 00:00:07]

} 9. O-O {

[%clk 00:14:31]

} {

[%emt 00:00:03]

} Nc6 {

[%clk 00:14:47]

} {

[%emt 00:00:16]

} 10. b3 {

[%clk 00:13:00]

} {

[%emt 00:01:35]

} cxb3 {

[%clk 00:14:26]

} {

[%emt 00:00:22]

} 11. axb3 {

[%clk 00:13:01]

} {

[%emt 00:00:03]

} O-O {

[%clk 00:14:11]

} {

[%emt 00:00:18]

} 12. Bd3 {

[%clk 00:12:35]

} {

[%emt 00:00:29]

} Nb4 {

[%clk 00:09:52]

} {

[%emt 00:04:22]

} 13. Be4 {

[%clk 00:11:43]

} {

[%emt 00:00:55]

} N6d5 {

[%clk 00:09:52]

} {

[%emt 00:00:03]

} 14. Bd2 {

[%clk 00:10:59]

} {

[%emt 00:00:47]

} c6 {

[%clk 00:07:15]

} {

[%emt 00:02:39]

} 15. Na3 {

[%clk 00:09:52]

} {

[%emt 00:01:10]

} Ba6 {

[%clk 00:06:08]

} {

[%emt 00:01:11]

} 16. Nc4 {

[%clk 00:09:40]

} {

[%emt 00:00:15]

} Bb5 {

[%clk 00:06:08]

} {

[%emt 00:00:02]

} 17. Re1 {

[%clk 00:09:42]

} {

[%emt 00:00:01]

} a5 {

[%clk 00:06:02]

} {

[%emt 00:00:09]

} 18. Nb2 {

[%clk 00:08:13]

} {

[%emt 00:01:31]

} Rc8 {

[%clk 00:05:30]

} {

[%emt 00:00:35]

} 19. Na4 {

[%clk 00:07:44]

} {

[%emt 00:00:32]

} h6 {

[%clk 00:03:11]

} {

[%emt 00:02:22]

} 20. Nc5 {

[%clk 00:07:24]

} {

[%emt 00:00:23]

} Bxc5 {

[%clk 00:02:37]

} {

[%emt 00:00:37]

} 21. dxc5 {

[%clk 00:07:26]

} {

[%emt 00:00:02]

} Qe7 {

[%clk 00:02:36]

} {

[%emt 00:00:04]

} 22. Nd4 {

[%clk 00:04:29]

} {

[%emt 00:03:00]

} Rfd8 {

[%clk 00:02:00]

} {

[%emt 00:00:38]

} 23. Qg4 {

[%clk 00:02:50]

} {

[%emt 00:01:42]

} Kh8 {

[%clk 00:02:02]

} {

[%emt 00:00:01]

} 24. Qh5 {

[%clk 00:02:38]

} {

[%emt 00:00:14]

} f5 {

[%clk 00:00:25]

} {

[%emt 00:01:41]

} 25. Nxf5 {

[%clk 00:02:00]

} {

[%emt 00:00:42]

} exf5 {

[%clk 00:00:27]

} {

[%emt 00:00:01]

} 26. Bxf5 {

[%clk 00:02:02]

} Qe8 {

[%clk 00:00:08]

} {

[%emt 00:00:21]

} 27. Qh3 {

[%clk 00:01:01]

} {

[%emt 00:01:04]

} Rc7 {

[%clk 00:00:10]

} {

[%emt 00:00:01]

} 28. Rxa5 {

[%clk 00:00:49]

} {

[%emt 00:00:15]

} Ne7 {

[%clk 00:00:13]

} 29. Bxb4 {

[%clk 00:00:36]

} {

[%emt 00:00:16]

} Nxf5 {

[%clk 00:00:13]

} {

[%emt 00:00:02]

} 30. Qxf5 {

[%clk 00:00:38]

} {

[%emt 00:00:01]

} Rf7 {

[%clk 00:00:13]

} {

[%emt 00:00:03]

} 31. Qh5 {

[%clk 00:00:24]

} {

[%emt 00:00:16]

} Qe7 {

[%clk 00:00:13]

} {

[%emt 00:00:03]

} 32. h4 {

[%clk 00:00:23]

} {

[%emt 00:00:04]

} Rd4 {

[%clk 00:00:13]

} {

[%emt 00:00:03]

} 33. Ra8+ {

[%clk 00:00:07]

} {

[%emt 00:00:20]

} Kh7 {

[%clk 00:00:14]

} {

[%emt 00:00:02]

} 34. Bc3 {

[%clk 00:00:09]

} {

[%emt 00:00:01]

} Rxh4 {

[%clk 00:00:14]

} {

[%emt 00:00:02]

} 35. Qd1 {

[%clk 00:00:11]

} Qe6 {

[%clk 00:00:04]

} {

[%emt 00:00:13]

} 36. Qc2+ {

[%clk 00:00:08]

} {

[%emt 00:00:06]

} g6 {

[%clk 00:00:06]

} 37. Rd8 {

[%clk 00:00:06]

} {

[%emt 00:00:04]

} Rhf4 {

[%clk 00:00:07]

} {

[%emt 00:00:03]

} 38. Rd6 {

[%clk 00:00:07]

} {

[%emt 00:00:02]

} Qg4 {

[%clk 00:00:08]

} {

[%emt 00:00:01]

} 39. e6 {

[%clk 00:00:04]

} {

[%emt 00:00:06]

} Re7 {

[%clk 00:00:10]

} 40. Rd7 {

[%clk 00:00:04]

} {

[%emt 00:00:03]

} Rxd7 {

[%emt 00:00:02]

} 41. exd7 {

[%clk 00:00:05]

} Qxd7 {

[%clk 00:00:15]

} {

[%emt 00:00:01]

} 42. Qd2 {

[%clk 00:00:06]

} {

[%emt 00:00:03]

} Qxd2 {

[%clk 00:00:14]

} {

[%emt 00:00:03]

} 43. Bxd2 {

[%clk 00:00:08]

} Rf7 {

[%clk 00:00:10]

} {

[%emt 00:00:07]

} 44. Bc3 {

[%clk 00:00:09]

} {

[%emt 00:00:02]

} g5 {

[%clk 00:00:09]

} {

[%emt 00:00:03]

} 45. Re8 {

[%clk 00:00:08]

} {

[%emt 00:00:04]

} Rd7 {

[%clk 00:00:10]

} {

[%emt 00:00:02]

} 46. f3 {

[%clk 00:00:07]

} {

[%emt 00:00:04]

} Rd3 {

[%clk 00:00:09]

} {

[%emt 00:00:05]

} 47. Be5 {

[%clk 00:00:05]

} {

[%emt 00:00:04]

} Rxb3 {

[%clk 00:00:08]

} {

[%emt 00:00:03]

} 48. Bd6 {

[%clk 00:00:05]

} {

[%emt 00:00:04]

} 1/2-1/2

[Event "Priit Leito Memorial Tournament"]
[Site "Tallinn, Paul Keres Chess House, Estonia"]
[Date "2023.02.04"]
[Round "8.6"]
[White "Timoshin, Andrei"]
[Black "Seeman, Tarvo"]
[Result "1-0"]
[TimeControl " Rapid: 15 minutes for game with 3 seconds increment from move 1"]
[BlackTitle "IM"]
[WhiteElo "2094"]
[BlackElo "2283"]

1. e4 {

[%clk 00:15:04]

} {

[%emt 00:00:01]

} c5 {

[%clk 00:15:01]

} {

[%emt 00:00:05]

} 2. Nf3 {

[%clk 00:15:05]

} {

[%emt 00:00:02]

} e6 {

[%clk 00:15:03]

} {

[%emt 00:00:02]

} 3. d4 {

[%clk 00:14:52]

} {

[%emt 00:00:15]

} cxd4 {

[%clk 00:15:04]

} {

[%emt 00:00:02]

} 4. Nxd4 {

[%clk 00:14:54]

} {

[%emt 00:00:01]

} Nc6 {

[%clk 00:15:06]

} {

[%emt 00:00:02]

} 5. Nc3 {

[%clk 00:14:48]

} {

[%emt 00:00:09]

} d6 {

[%clk 00:15:03]

} {

[%emt 00:00:07]

} 6. g3 {

[%clk 00:14:45]

} {

[%emt 00:00:06]

} Nf6 {

[%clk 00:15:02]

} {

[%emt 00:00:03]

} 7. Bg2 {

[%clk 00:14:46]

} {

[%emt 00:00:02]

} Bd7 {

[%clk 00:15:04]

} {

[%emt 00:00:02]

} 8. O-O {

[%clk 00:14:36]

} {

[%emt 00:00:12]

} Nxd4 {

[%clk 00:15:05]

} {

[%emt 00:00:02]

} 9. Qxd4 {

[%clk 00:14:37]

} {

[%emt 00:00:02]

} Qc7 {

[%clk 00:15:06]

} {

[%emt 00:00:02]

} 10. a4 {

[%clk 00:14:12]

} {

[%emt 00:00:28]

} a6 {

[%clk 00:15:06]

} {

[%emt 00:00:03]

} 11. a5 {

[%clk 00:14:08]

} {

[%emt 00:00:07]

} Be7 {

[%clk 00:14:53]

} {

[%emt 00:00:15]

} 12. Qd3 {

[%clk 00:13:54]

} {

[%emt 00:00:16]

} O-O {

[%clk 00:14:15]

} {

[%emt 00:00:42]

} 13. Be3 {

[%clk 00:13:47]

} {

[%emt 00:00:10]

} Rae8 {

[%clk 00:13:32]

} {

[%emt 00:00:46]

} 14. Bb6 {

[%clk 00:13:43]

} {

[%emt 00:00:07]

} Qc8 {

[%clk 00:13:32]

} {

[%emt 00:00:01]

} 15. Rfe1 {

[%clk 00:10:48]

} {

[%emt 00:02:58]

} Bc6 {

[%clk 00:13:15]

} {

[%emt 00:00:20]

} 16. Ne2 {

[%clk 00:07:14]

} {

[%emt 00:03:38]

} d5 {

[%clk 00:10:37]

} {

[%emt 00:02:41]

} 17. e5 {

[%clk 00:06:03]

} {

[%emt 00:01:14]

} Nd7 {

[%clk 00:10:02]

} {

[%emt 00:00:38]

} 18. Bd4 {

[%clk 00:05:44]

} {

[%emt 00:00:22]

} f6 {

[%clk 00:09:07]

} {

[%emt 00:00:58]

} 19. f4 {

[%clk 00:05:17]

} {

[%emt 00:00:29]

} fxe5 {

[%clk 00:08:55]

} {

[%emt 00:00:16]

} 20. fxe5 {

[%clk 00:05:18]

} {

[%emt 00:00:02]

} Bb5 {

[%clk 00:07:29]

} {

[%emt 00:01:28]

} 21. Qd2 {

[%clk 00:05:17]

} {

[%emt 00:00:04]

} Bxe2 {

[%clk 00:06:53]

} {

[%emt 00:00:40]

} 22. Qxe2 {

[%clk 00:05:01]

} {

[%emt 00:00:18]

} Bc5 {

[%clk 00:05:33]

} {

[%emt 00:01:23]

} 23. Qe3 {

[%clk 00:02:38]

} {

[%emt 00:02:26]

} Rf5 {

[%clk 00:01:55]

} {

[%emt 00:03:42]

} 24. Bh3 {

[%clk 00:02:24]

} {

[%emt 00:00:17]

} Rxe5 {

[%clk 00:01:46]

} {

[%emt 00:00:13]

} 25. Qd3 {

[%clk 00:01:10]

} {

[%emt 00:01:16]

} Rxe1+ {

[%clk 00:01:30]

} {

[%emt 00:00:19]

} 26. Rxe1 {

[%clk 00:01:12]

} Bxd4+ {

[%clk 00:01:06]

} {

[%emt 00:00:27]

} 27. Qxd4 {

[%clk 00:01:12]

} {

[%emt 00:00:03]

} Nf6 {

[%clk 00:01:08]

} 28. c3 {

[%clk 00:00:52]

} {

[%emt 00:00:23]

} Qd7 {

[%clk 00:00:55]

} {

[%emt 00:00:16]

} 29. Qb6 {

[%clk 00:00:15]

} {

[%emt 00:00:40]

} Kf7 {

[%clk 00:00:44]

} {

[%emt 00:00:14]

} 30. Bg2 {

[%clk 00:00:05]

} {

[%emt 00:00:13]

} e5 {

[%clk 00:00:35]

} {

[%emt 00:00:12]

} 31. c4 {

[%clk 00:00:07]

} e4 {

[%clk 00:00:17]

} {

[%emt 00:00:21]

} 32. cxd5 {

[%clk 00:00:08]

} {

[%emt 00:00:02]

} Qxd5 {

[%clk 00:00:16]

} {

[%emt 00:00:03]

} 33. Rc1 {

[%clk 00:00:08]

} {

[%emt 00:00:03]

} Re7 {

[%clk 00:00:16]

} {

[%emt 00:00:04]

} 34. h3 {

[%clk 00:00:09]

} {

[%emt 00:00:02]

} h5 {

[%clk 00:00:15]

} {

[%emt 00:00:04]

} 35. Bf1 {

[%clk 00:00:08]

} {

[%emt 00:00:04]

} Kg6 {

[%clk 00:00:13]

} {

[%emt 00:00:05]

} 36. Qe3 {

[%clk 00:00:05]

} {

[%emt 00:00:05]

} Rd7 {

[%clk 00:00:11]

} {

[%emt 00:00:05]

} 37. Qf4 {

[%clk 00:00:05]

} {

[%emt 00:00:04]

} Qd4+ {

[%clk 00:00:13]

} {

[%emt 00:00:02]

} 38. Kh2 {

[%clk 00:00:05]

} {

[%emt 00:00:02]

} e3 {

[%clk 00:00:13]

} {

[%emt 00:00:03]

} 39. Re1 {

[%clk 00:00:05]

} {

[%emt 00:00:03]

} Qxf4 {

[%clk 00:00:09]

} {

[%emt 00:00:06]

} 40. gxf4 {

[%clk 00:00:07]

} {

[%emt 00:00:01]

} Rd2+ {

[%clk 00:00:06]

} {

[%emt 00:00:06]

} 41. Kg3 {

[%clk 00:00:09]

} {

[%emt 00:00:01]

} Rxb2 {

[%emt 00:00:07]

} 42. Rxe3 1-0

[Event "Priit Leito Memorial Tournament"]
[Site "Tallinn, Paul Keres Chess House, Estonia"]
[Date "2023.02.04"]
[Round "9.1"]
[White "Nyback, Tomi"]
[Black "Shirov, Alexei"]
[Result "1-0"]
[TimeControl " Rapid: 15 minutes for game with 3 seconds increment from move 1"]
[WhiteTitle "GM"]
[BlackTitle "GM"]
[WhiteElo "2572"]
[BlackElo "2586"]

1. d4 {

[%clk 00:15:03]

} {

[%emt 00:00:02]

} Nf6 {

[%clk 00:15:05]

} {

[%emt 00:00:01]

} 2. c4 {

[%clk 00:15:04]

} {

[%emt 00:00:02]

} g6 {

[%clk 00:15:07]

} {

[%emt 00:00:01]

} 3. Nc3 {

[%clk 00:15:06]

} {

[%emt 00:00:01]

} d5 {

[%clk 00:15:08]

} {

[%emt 00:00:01]

} 4. Qa4+ {

[%clk 00:14:17]

} {

[%emt 00:00:52]

} Bd7 {

[%clk 00:12:16]

} {

[%emt 00:02:56]

} 5. Qd1 {

[%clk 00:14:16]

} {

[%emt 00:00:03]

} c6 {

[%clk 00:11:06]

} {

[%emt 00:01:13]

} 6. cxd5 {

[%clk 00:14:04]

} {

[%emt 00:00:14]

} cxd5 {

[%clk 00:11:08]

} {

[%emt 00:00:01]

} 7. Nf3 {

[%clk 00:14:05]

} {

[%emt 00:00:02]

} Nc6 {

[%clk 00:11:03]

} {

[%emt 00:00:08]

} 8. Bf4 {

[%clk 00:13:58]

} {

[%emt 00:00:09]

} Rc8 {

[%clk 00:10:10]

} {

[%emt 00:00:56]

} 9. e3 {

[%clk 00:13:35]

} {

[%emt 00:00:27]

} Nh5 {

[%clk 00:09:17]

} {

[%emt 00:00:56]

} 10. Bg5 {

[%clk 00:13:23]

} {

[%emt 00:00:14]

} h6 {

[%clk 00:09:18]

} {

[%emt 00:00:02]

} 11. Bh4 {

[%clk 00:13:21]

} {

[%emt 00:00:05]

} g5 {

[%clk 00:09:20]

} {

[%emt 00:00:02]

} 12. Nd2 {

[%clk 00:13:07]

} {

[%emt 00:00:17]

} gxh4 {

[%clk 00:09:01]

} {

[%emt 00:00:22]

} 13. Qxh5 {

[%clk 00:12:54]

} {

[%emt 00:00:15]

} e6 {

[%clk 00:09:03]

} {

[%emt 00:00:02]

} 14. Nf3 {

[%clk 00:09:49]

} {

[%emt 00:03:07]

} Qb6 {

[%clk 00:08:16]

} {

[%emt 00:00:51]

} 15. Bb5 {

[%clk 00:09:34]

} {

[%emt 00:00:18]

} Nd8 {

[%clk 00:07:34]

} {

[%emt 00:00:45]

} 16. Bxd7+ {

[%clk 00:09:10]

} {

[%emt 00:00:28]

} Kxd7 {

[%clk 00:07:35]

} 17. O-O {

[%clk 00:06:47]

} {

[%emt 00:02:25]

} h3 {

[%clk 00:07:25]

} {

[%emt 00:00:14]

} 18. Qxh3 {

[%clk 00:06:41]

} {

[%emt 00:00:10]

} Qxb2 {

[%clk 00:07:17]

} {

[%emt 00:00:10]

} 19. Nxd5 {

[%clk 00:06:35]

} {

[%emt 00:00:09]

} Bg7 {

[%clk 00:06:35]

} {

[%emt 00:00:44]

} 20. Nf4 {

[%clk 00:05:52]

} {

[%emt 00:00:46]

} Qc2 {

[%clk 00:06:06]

} {

[%emt 00:00:32]

} 21. Rad1 {

[%clk 00:05:17]

} {

[%emt 00:00:38]

} Qf5 {

[%clk 00:04:47]

} {

[%emt 00:01:22]

} 22. Qxf5 {

[%clk 00:05:13]

} {

[%emt 00:00:09]

} exf5 {

[%clk 00:04:49]

} 23. Nh4 {

[%clk 00:05:14]

} {

[%emt 00:00:02]

} Ne6 {

[%clk 00:04:51]

} {

[%emt 00:00:01]

} 24. Nh5 {

[%clk 00:05:11]

} {

[%emt 00:00:06]

} Bf8 {

[%clk 00:04:05]

} {

[%emt 00:00:48]

} 25. Nxf5 {

[%clk 00:04:56]

} {

[%emt 00:00:18]

} Rc2 {

[%clk 00:04:07]

} {

[%emt 00:00:01]

} 26. Nf6+ {

[%clk 00:04:11]

} {

[%emt 00:00:48]

} Kd8 {

[%clk 00:04:09]

} 27. a4 {

[%clk 00:03:58]

} {

[%emt 00:00:16]

} b6 {

[%clk 00:04:08]

} {

[%emt 00:00:05]

} 28. Rc1 {

[%clk 00:03:56]

} {

[%emt 00:00:05]

} Ra2 {

[%clk 00:04:03]

} {

[%emt 00:00:08]

} 29. Rc4 {

[%clk 00:03:56]

} {

[%emt 00:00:04]

} Be7 {

[%clk 00:04:05]

} {

[%emt 00:00:02]

} 30. Nd5 {

[%clk 00:03:51]

} {

[%emt 00:00:07]

} Ba3 {

[%clk 00:04:05]

} {

[%emt 00:00:03]

} 31. h4 {

[%clk 00:03:29]

} {

[%emt 00:00:25]

} h5 {

[%clk 00:03:58]

} {

[%emt 00:00:11]

} 32. Rb1 {

[%clk 00:03:20]

} {

[%emt 00:00:11]

} Bf8 {

[%clk 00:03:37]

} {

[%emt 00:00:24]

} 33. Rbc1 {

[%clk 00:03:13]

} {

[%emt 00:00:10]

} 1-0

[Event "Priit Leito Memorial Tournament"]
[Site "Tallinn, Paul Keres Chess House, Estonia"]
[Date "2023.02.04"]
[Round "9.3"]
[White "Neiksans, Arturs"]
[Black "Miezis, Normunds"]
[Result "*"]
[TimeControl " Rapid: 15 minutes for game with 3 seconds increment from move 1"]
[WhiteTitle "GM"]
[BlackTitle "GM"]
[WhiteElo "2552"]
[BlackElo "2502"]

1. e4 {

[%clk 00:15:04]

} {

[%emt 00:00:01]

} c5 {

[%clk 00:15:04]

} {

[%emt 00:00:02]

} 2. Nf3 {

[%clk 00:15:06]

} {

[%emt 00:00:02]

} e6 {

[%clk 00:15:04]

} {

[%emt 00:00:02]

} 3. d4 {

[%clk 00:15:05]

} {

[%emt 00:00:04]

} cxd4 {

[%clk 00:15:04]

} {

[%emt 00:00:03]

} 4. Nxd4 {

[%clk 00:15:06]

} {

[%emt 00:00:02]

} a6 {

[%clk 00:15:05]

} {

[%emt 00:00:02]

} 5. a3 {

[%clk 00:14:56]

} {

[%emt 00:00:14]

} Nf6 {

[%clk 00:14:25]

} {

[%emt 00:00:42]

} 6. Nc3 {

[%clk 00:14:57]

} {

[%emt 00:00:02]

} Qc7 {

[%clk 00:14:20]

} {

[%emt 00:00:09]

} 7. f4 {

[%clk 00:14:58]

} {

[%emt 00:00:02]

} d6 {

[%clk 00:14:14]

} {

[%emt 00:00:09]

} 8. Be3 {

[%clk 00:14:25]

} {

[%emt 00:00:36]

} e5 {

[%clk 00:13:01]

} {

[%emt 00:01:16]

} 9. Nf3 {

[%clk 00:13:56]

} {

[%emt 00:00:32]

} Be6 {

[%clk 00:11:11]

} {

[%emt 00:01:53]

} 10. f5 {

[%clk 00:12:03]

} {

[%emt 00:01:56]

} Bc4 {

[%clk 00:11:03]

} {

[%emt 00:00:11]

} 11. Bxc4 {

[%clk 00:10:53]

} {

[%emt 00:01:13]

} Qxc4 {

[%clk 00:11:02]

} {

[%emt 00:00:03]

} 12. Qd3 {

[%clk 00:10:47]

} {

[%emt 00:00:09]

} Qxd3 {

[%clk 00:10:19]

} {

[%emt 00:00:46]

} 13. cxd3 {

[%clk 00:10:48]

} {

[%emt 00:00:02]

} Be7 {

[%clk 00:09:50]

} {

[%emt 00:00:33]

} 14. Nd2 {

[%clk 00:08:01]

} {

[%emt 00:02:50]

} Nbd7 {

[%clk 00:09:16]

} {

[%emt 00:00:36]

} 15. Ke2 {

[%clk 00:07:02]

} {

[%emt 00:01:03]

} Rc8 {

[%clk 00:07:19]

} {

[%emt 00:02:00]

} 16. Rac1 {

[%clk 00:06:22]

} {

[%emt 00:00:43]

} O-O {

[%clk 00:06:35]

} {

[%emt 00:00:46]

} 17. Bg5 {

[%clk 00:04:55]

} {

[%emt 00:01:31]

} b5 {

[%clk 00:06:02]

} {

[%emt 00:00:36]

} 18. Nf1 {

[%clk 00:02:02]

} {

[%emt 00:02:56]

} d5 {

[%clk 00:04:44]

} {

[%emt 00:01:21]

} 19. Bxf6 {

[%clk 00:02:02]

} {

[%emt 00:00:03]

} Bxf6 {

[%clk 00:03:18]

} {

[%emt 00:01:29]

} 20. exd5 {

[%clk 00:02:01]

} {

[%emt 00:00:04]

} Nc5 {

[%clk 00:03:17]

} {

[%emt 00:00:04]

} 21. Nd2 {

[%clk 00:01:55]

} {

[%emt 00:00:09]

} Bg5 {

[%clk 00:03:15]

} {

[%emt 00:00:04]

} 22. Nce4 {

[%clk 00:01:34]

} {

[%emt 00:00:24]

} Nxe4 {

[%clk 00:02:47]

} {

[%emt 00:00:31]

} 23. dxe4 {

[%clk 00:01:33]

} {

[%emt 00:00:04]

} g6 {

[%clk 00:02:49]

} {

[%emt 00:00:02]

} 24. g4 {

[%clk 00:01:21]

} {

[%emt 00:00:16]

} Kg7 {

[%clk 00:02:42]

} {

[%emt 00:00:10]

} 25. Rc6 {

[%clk 00:00:48]

} {

[%emt 00:00:35]

} Rxc6 {

[%clk 00:02:42]

} {

[%emt 00:00:03]

} 26. dxc6 {

[%clk 00:00:50]

} Rc8 {

[%clk 00:02:31]

} {

[%emt 00:00:14]

} 27. Rc1 {

[%clk 00:00:51]

} {

[%emt 00:00:02]

} Kf6 {

[%clk 00:02:29]

} {

[%emt 00:00:05]

} 28. Rc5 {

[%clk 00:00:49]

} {

[%emt 00:00:05]

} Bxd2 {

[%clk 00:02:21]

} {

[%emt 00:00:11]

} 29. Kxd2 {

[%clk 00:00:51]

} {

[%emt 00:00:02]

} Ke7 {

[%clk 00:01:55]

} {

[%emt 00:00:29]

} 30. Rxe5+ {

[%clk 00:00:34]

} {

[%emt 00:00:20]

} Kd6 {

[%clk 00:01:56]

} 31. Rd5+ {

[%clk 00:00:36]

} {

[%emt 00:00:01]

} Kxc6 {

[%clk 00:01:58]

} {

[%emt 00:00:02]

} 32. Rd3 {

[%clk 00:00:28]

} {

[%emt 00:00:10]

} Re8 {

[%clk 00:01:56]

} {

[%emt 00:00:05]

} 33. Ke3 {

[%clk 00:00:25]

} {

[%emt 00:00:06]

} h5 {

[%clk 00:01:47]

} {

[%emt 00:00:12]

} 34. h3 {

[%clk 00:00:23]

} {

[%emt 00:00:06]

} hxg4 {

[%clk 00:01:48]

} {

[%emt 00:00:02]

} 35. hxg4 {

[%clk 00:00:25]

} {

[%emt 00:00:01]

} g5 {

[%clk 00:01:42]

} {

[%emt 00:00:08]

} 36. Rc3+ {

[%clk 00:00:17]

} {

[%emt 00:00:11]

} Kd6 {

[%clk 00:01:41]

} {

[%emt 00:00:04]

} 37. Kd4 {

[%clk 00:00:19]

} {

[%emt 00:00:01]

} f6 {

[%clk 00:01:42]

} {

[%emt 00:00:01]

} 38. Rh3 {

[%clk 00:00:20]

} {

[%emt 00:00:02]

} Rc8 {

[%clk 00:01:40]

} {

[%emt 00:00:06]

} 39. Rh6 {

[%clk 00:00:21]

} {

[%emt 00:00:02]

} Rc4+ {

[%clk 00:01:41]

} {

[%emt 00:00:02]

} 40. Ke3 {

[%clk 00:00:21]

} {

[%emt 00:00:03]

} Ke5 {

[%clk 00:01:43]

} {

[%emt 00:00:01]

} 41. Rh7 {

[%clk 00:00:13]

} {

[%emt 00:00:11]

} Rxe4+ {

[%clk 00:01:43]

} {

[%emt 00:00:02]

} 42. Kf3 {

[%clk 00:00:16]

} Rf4+ {

[%clk 00:01:33]

} {

[%emt 00:00:13]

} 43. Kg3 {

[%clk 00:00:18]

} Re4 {

[%clk 00:01:30]

} {

[%emt 00:00:06]

} 44. Ra7 {

[%clk 00:00:17]

} {

[%emt 00:00:04]

} Re3+ {

[%clk 00:01:30]

} {

[%emt 00:00:03]

} 45. Kf2 {

[%clk 00:00:16]

} {

[%emt 00:00:05]

} Kf4 {

[%clk 00:01:28]

} {

[%emt 00:00:05]

} 46. Rxa6 {

[%clk 00:00:16]

} {

[%emt 00:00:03]

} Rb3 {

[%clk 00:01:29]

} {

[%emt 00:00:01]

} 47. Rxf6 {

[%clk 00:00:16]

} {

[%emt 00:00:03]

} Rxb2+ {

[%clk 00:01:30]

} {

[%emt 00:00:02]

} 48. Ke1 {

[%clk 00:00:18]

} {

[%emt 00:00:01]

} Kxg4 {

[%clk 00:01:31]

} {

[%emt 00:00:03]

} 49. Rf8 {

[%clk 00:00:17]

} {

[%emt 00:00:04]

} Rb3 {

[%clk 00:01:19]

} {

[%emt 00:00:14]

} 50. f6 {

[%clk 00:00:09]

} {

[%emt 00:00:12]

} Rxa3 {

[%clk 00:01:20]

} {

[%emt 00:00:02]

} 51. f7 {

[%clk 00:00:08]

} {

[%emt 00:00:04]

} Rf3 {

[%clk 00:01:20]

} {

[%emt 00:00:03]

} 52. Kd2 {

[%clk 00:00:08]

} {

[%emt 00:00:03]

} b4 {

[%clk 00:01:19]

} {

[%emt 00:00:04]

} 53. Kc2 {

[%clk 00:00:11]

} Rc3+ {

[%clk 00:01:01]

} {

[%emt 00:00:21]

} 54. Kb2 {

[%clk 00:00:12]

} {

[%emt 00:00:02]

} Rc7 {

[%clk 00:01:03]

} {

[%emt 00:00:01]

} 55. Kb3 {

[%clk 00:00:13]

} {

[%emt 00:00:03]

} Kf4 {

[%clk 00:01:04]

} {

[%emt 00:00:01]

} 56. Kxb4 {

[%clk 00:00:10]

} {

[%emt 00:00:06]

} g4 {

[%clk 00:01:05]

} {

[%emt 00:00:02]

} 57. Kb5 {

[%clk 00:00:12]

} {

[%emt 00:00:02]

} g3 {

[%clk 00:01:06]

} {

[%emt 00:00:01]

} 58. Kb6 {

[%clk 00:00:15]

} {

[%emt 00:00:01]

} Re7 {

[%clk 00:01:01]

} {

[%emt 00:00:08]

} 59. Kc6 {

[%clk 00:00:17]

} Kf3 {

[%clk 00:00:47]

} {

[%emt 00:00:18]

} 60. Kd6 {

[%clk 00:00:19]

} Ra7 {

[%clk 00:00:48]

} {

[%emt 00:00:02]

} 61. Ke6 {

[%clk 00:00:21]

} Ra6+ {

[%clk 00:00:43]

} {

[%emt 00:00:08]

} 62. Ke5 {

[%clk 00:00:21]

} {

[%emt 00:00:03]

} Ra5+ {

[%clk 00:00:35]

} {

[%emt 00:00:12]

} 63. Ke6 {

[%clk 00:00:22]

} {

[%emt 00:00:02]

} Ra6+ {

[%clk 00:00:29]

} {

[%emt 00:00:09]

} 64. Ke5 {

[%clk 00:00:24]

} {

[%emt 00:00:01]

} Ke4+ {

[%emt 00:00:05]

} *